[Event "Teresina Nordeste Cup"]
[Site "Teresina"]
[Date "2022.07.23"]
[Round "3"]
[White "Pacifico, Joao Paulo Alves"]
[Black "Da Silva Filho, Inacio Lima"]
[Result "1/2-1/2"]
[WhiteElo "1243"]
[BlackElo "1800"]
[PlyCount "92"]
[EventDate "2022.07.22"]
[EventType "swiss"]
[EventRounds "6"]
[EventCountry "BRA"]
[SourceTitle "CBM 209 Extra"]
[Source "ChessBase"]
[SourceDate "2022.09.30"]
[SourceVersion "1"]
[SourceVersionDate "2022.09.30"]
[SourceQuality "1"]

1. d4 d5 2. Nf3 e6 3. Bf4 c6 4. e3 f5 5. Nbd2 Nf6 6. Be2 Bd6 7. Be5 0-0 8. c4 Bxe5 9. Nxe5 Nbd7 10. Ndf3 Ne4 11. 0-0 Nxe5 12. Nxe5 Rf6 13. f4 Bd7 14. Bf3 a5 15. Rc1 Rc8 16. Bxe4 fxe4 17. Qd2 Rh6 18. Qf2 Be8 19. Ng4 Rg6 20. h3 h5 21. Ne5 Rf6 22. Kh1 b5 23. b3 bxc4 24. bxc4 a4 25. Rb1 Rb8 26. c5 Rxb1 27. Rxb1 Rf8 28. Qg3 Qc7 29. Ng6 Bxg6 30. Qxg6 Qf7 31. Qxf7+ Rxf7 32. Rb6 Rc7 33. Ra6 Kf7 34. Rxa4 Kf6 35. Kh2 g5 36. g3 Rb7 37. Ra8 Rb2+ 38. Kg1 gxf4 39. gxf4 Re2 40. Ra3 Rc2 41. Ra6 Rc3 42. Kf2 Rc2+ 43. Kg3 Re2 44. Ra3 Re1 45. h4 Rg1+ 46. Kh2 Re1 1/2-1/2